000
00315nam a22001457a 4500
008
230907b ||||| |||| 00| 0 eng d
020
_a
9781557781893
041
_a
eng
080
_a
101
082
_a
101HYL
100
_a
44
101
_a
FILOZ
245
_a
PHILOSOPHY OF SPORT
_c
HYLAND .A.D
942
_2
udc
_c
BK
999
_c
60285
_d
60285